000 00426nam a2200181Ia 4500
001 10065
005 20260306161804.0
008 260306t1995||||xx |||||||||||||| ||spa||
041 _aESP
082 _aCR 869.92
_bO82
100 _aOspina de Fonseca, Helena
_eAUT
245 0 _aCantata a las artes
260 _c1995
300 _a260 páginas :
_c21 cm.
650 _aGEN
654 _aCHU
942 _cLIB
_dJUS
_fJUS
_2ddc
_n
999 _c10065
_d10065